Fastest NBA Players (NBA 2K23) - Statistics

General Stats
  • This quiz has been taken 149 times
  • The average score is 3 of 10
Answer Stats
Hint Answer % Correct
97 De'Aaron Fox
88%
95 Ja Morant
61%
96 Russell Westbrook
58%
90 Giannis Antetokounmpo
45%
96 Donovan Mitchell
33%
92 Ben Simmons
17%
97 Keon Johnson
16%
92 Jaden Ivey
10%
91 Lonnie Walker IV
8%
92 Kira Lewis Jr.
6%
No matching quizzes found
Score Distribution
Percent of People with Each Score
Percentile by Number Answered
Your Score History
You have not taken this quiz